La guerra y el arte / (Record no. 151913)

MARC details
000 -LEADER
campo de control de longitud fija 00711nam a2200193 i 4500
001 - NÚMERO DE CONTROL
campo de control 151913
003 - IDENTIFICADOR DE NÚMERO DE CONTROL
campo de control ES-MaACL
005 - FECHA Y HORA DE LA ÚLTIMA TRANSACCIÓN
campo de control 20230906204438.0
008 - DATOS DE LONGITUD FIJA--INFORMACIÓN GENERAL
campo de control de longitud fija 931025s1890 sp |||| | spa d
080 ## - NÚMERO DE LA CLASIFICACIÓN DECIMAL UNIVERSAL
Número de la Clasificación Decimal Universal 7.049
100 1# - ENTRADA PRINCIPAL--NOMBRE DE PERSONA
Nombre de persona Berenguer y Ballester, Pedro A.
9 (RLIN) 27898
245 13 - MENCIÓN DEL TÍTULO
Título La guerra y el arte /
Mención de responsabilidad, etc. por Pedro A. Berenguer ; con un prólogo de Francisco Barado.
260 ## - PUBLICACIÓN, DISTRIBUCIÓN, ETC.
Lugar de publicación, distribución, etc. Barcelona :
Nombre del editor, distribuidor, etc. Redacción y Administracion de la Revista Científico-Militar y Biblioteca Militar,
Fecha de publicación, distribución, etc. 1890.
300 ## - DESCRIPCIÓN FÍSICA
Extensión XXVIII, 215 p. ;
Dimensiones 16 cm.
500 ## - NOTA GENERAL
Nota general Datos tomados de la cub.
650 #4 - PUNTO DE ACCESO ADICIONAL DE MATERIA--TÉRMINO DE MATERIA
Término de materia o nombre geográfico como elemento de entrada Guerra-
Subdivisión general En el arte.
9 (RLIN) 136209
700 1# - ENTRADA AGREGADA--NOMBRE PERSONAL
Nombre de persona Barado, Francisco (
Fechas asociadas al nombre 1853-1922)
9 (RLIN) 25276
852 ## - LOCALIZACIÓN
Ubicación ES-MaACL
Número de control de estantería G-9911
Nota libre -- Enc. hol.
Holdings
Estatus retirado Estado de pérdida Estado de daño No para préstamo Colección Biblioteca de origen Biblioteca actual Ubicación en estantería Fecha de adquisición Fuente de adquisición Total de préstamos Signatura topográfica completa Código de barras Visto por última vez Precio de reemplazo Tipo de ítem Koha
        Libros del s. XIX Biblioteca del Ateneo de Madrid Biblioteca del Ateneo de Madrid Sala Pecera Planta 3 17/01/2008     G-9911 1158561 23/02/2023 23/02/2023 Libro impreso antiguo